=LDR 00000nam 2200000 4500 =001 INLIS000000000035444 =005 20130612141311 =008 ***********************************ind** =035 ##$$0010-061300000035444 =041 ##$$a ind =082 ##$$a 028.55 =090 ##$$a 028.55, Bar i =100 ##$$a Barker, Henry =245 ##$$a Ia Berasal dari angkasa luar, Henry barker;alih bahasa,Beti sakinah =260 ##$$a 2007 $b Jakarta =300 ##$$a 32 hlm, Ilus, 23 cm =650 ##$$a Bacaan Kanak-kanak =700 ##$$a Sakinah, Beti =850 ##$$a NBPNMAT